Geography Quiz

Random Geography or World Quiz
Score 0/20 Timer 07:00
0 Plays Today
% Correct
United States
92.9%
Mexico
92.6%
Spain
91.6%
Germany
89.6%
Russia
88.8%
Canada
87.9%
United Kingdom
83.5%
Sweden
83.3%
France
81.7%
Italy
81.5%
% Correct
Norway
75.8%
Brazil
75.4%
Iceland
72.9%
Iraq
72.7%
Chile
71.3%
Portugal
71%
Iran
70.4%
Australia
55.5%
Argentina
49.6%
South Africa
36.6%
Remove Ads.
Support Sporcle.
Get the best of Sporcle when you Go Orange. This ad-free experience offers more features, more stats, and more fun while also helping to support Sporcle. Thank you for becoming a member.

You're not logged in!

Compare scores with friends on all Sporcle quizzes.
OR
Log In

Show Comments

Extras

Top Quizzes Today


Score Distribution

Your Account Isn't Verified!

In order to create a playlist on Sporcle, you need to verify the email address you used during registration. Go to your Sporcle Settings to finish the process.

Report this User

Report this user for behavior that violates our Community Guidelines.

Details: